An introduction to financial accounting / (Record no. 1795)
[ view plain ]
| 000 -LEADER | |
|---|---|
| fixed length control field | 02696nam a2200193Ia 4500 |
| 020 ## - INTERNATIONAL STANDARD BOOK NUMBER | |
| ISBN | 9780077122805 (pbk.) |
| 020 ## - INTERNATIONAL STANDARD BOOK NUMBER | |
| ISBN | 0077122801 (pbk.) |
| 050 ## - CALL NUMBER | |
| Classification number | HF 5635 |
| Item number | .T35 |
| 100 1# - AUTHOR | |
| Personal name | Thomas, Andrew. |
| 245 13 - TITLE | |
| Title | An introduction to financial accounting / |
| Statement of responsibility, etc | Andrew Thomas and Anne Marie Ward. |
| 250 ## - EDITION | |
| Edition statement | 6th ed. |
| 260 ## - PUBLICATION INFORMATION | |
| Place of publication | London : |
| Name of publisher | McGraw-Hill, |
| Year of publication | 2009. |
| 300 ## - DESCRIPTION | |
| Number of Pages | xxii, 746 p : |
| Other physical details | ill. ; |
| Dimensions | 27 cm. |
| 505 ## - FORMATTED CONTENTS NOTE | |
| Table of Content | Part 1. The basic framework of accounting --<br/>1. Entities and financial reporting standards --<br/>2. International accounting: institutional framework and standards --<br/>3. The nature and objectives of financial accounting --<br/>4. Accounting principles, concepts and policies --<br/>5. The conceptual framework of accounting --<br/>6. Auditing, corporate governance and ethics --<br/>Part 2. Double-entry bookkeeping --<br/>7. The accounting equation and its components --<br/>8. Basic documentation and books of accounts --<br/>9. The general ledger --<br/>10. The balancing of accounts and the trial balance --<br/>11. Day books and the journal --<br/>12. The cash book --<br/>13. The petty cash book --<br/>Part 3. Preparing final financial statements --<br/>14. The final financial statements of sole traders (in brief) --<br/>15. Depreciation and non-current assets --<br/>16. Bad debts and provisions for bad debts --<br/>17. Accruals and prepayments --<br/>18. The preparation of final financial statements from the trial balance --<br/>Part 4. Internal control and check --<br/>19. The bank reconciliation statement --<br/>20. Control accounts --<br/>21. Errors and suspense accounts --<br/>22. Single entry and incomplete records --<br/>Part 5. Preparing final financial statements for manufacturing entities --<br/>23. Inventory valuation --<br/>24. Financial statements for manufacturing entities --<br/>Part 6. Clubs --<br/>25. The final financial statements of clubs --<br/>Part 7. Partnerships --<br/>26. The final financial statements of partnerships --<br/>27. Changes in partnerships --<br/>28. Partnership dissolution and conversion to company status --<br/>Part 8. Companies --<br/>29. The nature of limited companies and their capital --<br/>30. The final financial statements of limited companies --<br/>31. Statement of cash flows --<br/>32. The appraisal of company financial statements using ratio analysis --<br/>Extra chapters available Online --<br/>33. UK accounting: institutional framework and standards --<br/>34. Changes in share capital --<br/>35. An introduction to consolidated financial statements --<br/>36. Value added tax, columnar books of prime entry and the payroll --<br/>37. The role of computers in accounting --<br/>38. Accounting for changing price levels. |
| 650 #0 - SUBJECTS | |
| Topical Term | Accounting. |
| 650 #0 - SUBJECTS | |
| Topical Term | Accounting |
| 700 1# - OTHER AUTHORS | |
| Personal name | Ward, Anne Marie. |
| 942 ## - ADDED ENTRY ELEMENTS (KOHA) | |
| Koha item type | Books |
| Withdrawn status | Lost status | Collection code | Home library | Current library | Shelving location | Date acquired | Full call number | Accession Number | Koha item type |
|---|---|---|---|---|---|---|---|---|---|
| Reference | Methodist University Library Main | Methodist University Library Main | General Stacks | 01/02/2013 | HF 5635 .T35 | 37676 | Books |